Normal view
MARC view
- Islam
Entry Topical Term
001 - CONTROL NUMBER
- control field: 1595
003 - CONTROL NUMBER IDENTIFIER
- control field: OSt
005 - DATE AND TIME OF LATEST TRANSACTION
- control field: 20170505091142.0
008 - FIXED-LENGTH DATA ELEMENTS
- fixed length control field: 170505|| aca||aabn | a|a d
040 ## - CATALOGING SOURCE
- Original cataloging agency: OSt
- Transcribing agency: OSt
150 ## - HEADING--TOPICAL TERM
- Topical term or geographic name entry element: Islam
- General subdivision: Doctrines
- Form subdivision: Early works to 1800
670 ## - SOURCE DATA FOUND
- Source citation: Work cat.: (OSt)0: Ghazali 1058-1111 1594, Ihya Ulumuddin Imam Al Ghazali :, 1992

PORTAL AKMAL
E-MEL JKDM
AKMAL2U
G-BAM
u-PUSTAKA